| 000 | 00546nam a2200205 a 4500 | ||
|---|---|---|---|
| 005 | 20210219153116.0 | ||
| 008 | 991125n 000 0 u | ||
| 035 | _aUPN01000078372 | ||
| 222 | _aREVISTA SEP | ||
| 245 | _a¿EL examen final determina el éxito del alumno? | ||
| 300 | _a6-9 | ||
| 362 | _a1975 Año 4, no. 19 sep. | ||
| 653 | 0 | _aCALIFICACIONES | |
| 653 | 0 | _aCRITERIOS DE EVALUACION | |
| 653 | 0 | _aEVALUACION EDUCATIVA | |
| 653 | 0 | _aEXAMENES | |
| 653 | 0 | _aRENDIMIENTO ACADEMICO | |
| 904 |
_aAC _b016183 |
||
| 905 | _aArticulo | ||
| 999 |
_c68664 _d68664 |
||